Good night yoga : (Record no. 194967)
[ view plain ]
| 000 -LEADER | |
|---|---|
| fixed length control field | 01459pam a2200361 i 4500 |
| 001 - CONTROL NUMBER | |
| control field | BK0015261269 |
| 003 - CONTROL NUMBER IDENTIFIER | |
| control field | DLC |
| 005 - DATE AND TIME OF LATEST TRANSACTION | |
| control field | 20241220162247.0 |
| 008 - FIXED-LENGTH DATA ELEMENTS--GENERAL INFORMATION | |
| fixed length control field | 141106s2015 coua j 000 0 eng |
| 010 ## - LIBRARY OF CONGRESS CONTROL NUMBER | |
| LC control number | 2014043295 |
| 020 ## - INTERNATIONAL STANDARD BOOK NUMBER | |
| International Standard Book Number | 9781622034666 : HRD |
| Terms of availability | $17.95 |
| 020 ## - INTERNATIONAL STANDARD BOOK NUMBER | |
| International Standard Book Number | 162203466X : HRD |
| Terms of availability | $17.95 |
| Cancelled/invalid ISBN | 9781622034703 (Ebook) |
| 037 ## - SOURCE OF ACQUISITION | |
| Source of stock number/acquisition | Sounds True, 413 S Arthur Ave, Louisville, CO, USA, 80027, (303)6653151 |
| Note | SAN 850-3532 |
| 040 ## - CATALOGING SOURCE | |
| Original cataloging agency | DLC |
| Language of cataloging | eng |
| Description conventions | rda |
| Transcribing agency | DLC |
| Modifying agency | DLC |
| -- | NjBwBT |
| 050 00 - LIBRARY OF CONGRESS CALL NUMBER | |
| Classification number | RJ133.7 |
| Item number | .G42 2015 |
| 082 00 - DEWEY DECIMAL CLASSIFICATION NUMBER | |
| Classification number | 613.7/046083 |
| Edition number | 23 |
| 092 ## - LOCALLY ASSIGNED DEWEY CALL NUMBER (OCLC) | |
| Classification number | 613.7046 |
| 100 1# - MAIN ENTRY--PERSONAL NAME | |
| Personal name | Gates, Mariam. |
| 9 (RLIN) | 5954713 |
| 245 10 - TITLE STATEMENT | |
| Title | Good night yoga : |
| Remainder of title | a pose-by-pose bedtime story / |
| Statement of responsibility, etc | Mariam Gates ; illustrated by Sarah Jane Hinder. |
| 260 ## - PUBLICATION, DISTRIBUTION, ETC. (IMPRINT) | |
| Name of publisher, distributor, etc | Sounds True |
| Date of publication, distribution, etc | 2015 |
| 264 #1 - Production, Publication, Distribution, Manufacture, and Copyright Notice. | |
| Place of production, publication, distribution, manufacture | Boulder, Colorado : |
| Name of producer, publisher, distributor, manufacturer | Sounds True, |
| Date of production, publication, distribution, manufacture, or copyr | 2015. |
| 300 ## - PHYSICAL DESCRIPTION | |
| Other physical details | color illustrations ; |
| Dimensions | 25 cm |
| 336 ## - Content Type | |
| Content type term | text |
| 336 ## - Content Type | |
| Content type term | still imaget |
| 337 ## - Media type | |
| Media type term | unmediated |
| 338 ## - Carrier type | |
| Carrier type term | volume |
| 520 ## - SUMMARY, ETC. | |
| Summary, etc | Presents a nightime yoga practice for young children in which they can use their imagination as they do the poses, including bending like a crescent moon, stretching like a tree, arching their back like a cat, and floating like a cloud. |
| 521 1# - TARGET AUDIENCE NOTE | |
| Target audience note | 3 & up |
| 521 2# - TARGET AUDIENCE NOTE | |
| Target audience note | K to Grade 3 |
| 650 #0 - SUBJECT ADDED ENTRY--TOPICAL TERM | |
| Topical term or geographic name as entry element | Hatha yoga for children |
| Form subdivision | Juvenile literature. |
| 9 (RLIN) | 5705984 |
| 650 #1 - SUBJECT ADDED ENTRY--TOPICAL TERM | |
| Topical term or geographic name as entry element | Hatha yoga. |
| 700 1# - ADDED ENTRY--PERSONAL NAME | |
| Personal name | Hinder, Sarah Jane, |
| Relator term | illustrator. |
| 9 (RLIN) | 5795346 |
| Withdrawn status | Lost status | Source of classification or shelving scheme | Damaged status | Not for loan | Collection code | Home library | Current library | Shelving location | Date acquired | Source of acquisition | Total Checkouts | Total Renewals | Full call number | Barcode | Date last seen | Date checked out | Cost, replacement price | Price effective from | Koha item type |
|---|---|---|---|---|---|---|---|---|---|---|---|---|---|---|---|---|---|---|---|
| Dewey Decimal Classification | Children NonFiction | Wasatch County Library | Wasatch County Library | Main Floor Childrens Area | 07/21/2022 | Donation | 8 | 7 | E Mind/Body Yoga Gates | 34301001848375 | 10/07/2025 | 09/26/2025 | 17.95 | 07/21/2022 | BOOK |
